Statystyki dla Najkrótsze nazwy państw - A-Z

Kliknij tutaj aby rozwiązać quiz!

Ogólne statystyki

  • Ten quiz został rozwiązany 835 razy
    (829 od ostatniego zresetowania)
  • Średni wynik to 17 z 24

Statystyki odpowiedzi

literyKraj% Poprawnych
Ł5Łotwa
91%
O4Oman
90%
D5Dania
88%
C4Cypr / Czad
87%
I4Irak / Iran
83%
Z6Zambia
82%
J5Jemen
80%
P4Peru
80%
N5Nauru / Nepal / Niger
79%
A6Andora / Angola
78%
R5Rosja
78%
F5Fidżi
75%
V7Vanuatu
73%
H5Haiti
71%
L4Laos
69%
G5Gabon / Ghana
68%
M4Mali
68%
S5Samoa / Sudan / Syria
65%
T4Togo
65%
U6Uganda
64%
E5Egipt
58%
K4Kuba
56%
B5Benin
53%
W5Węgry
42%

Rozkład punktacji

Percentyl według liczby udzielonych odpowiedzi

Procent ludzi z każdym wynikiem

Twoja historia wyników

Nie rozwiązałeś tego quizu od ostatniego zresetowania